| 000 | 00422nam a2200181Ia 4500 | ||
|---|---|---|---|
| 005 | 20241219050550.0 | ||
| 008 | 240331s9999 xx 000 0 und d | ||
| 020 | _a8185604452 | ||
| 082 |
_bGEE _21913 _a305 |
||
| 100 | _aGeetha, V | ||
| 245 | 0 |
_aGender : _bTheorizing Feminism |
|
| 260 |
_aCalcutta _bSTREE _c2002 |
||
| 300 | _axvi, 149 p., | ||
| 650 | _aGender | ||
| 650 | _aHistory | ||
| 650 | _aFeminism | ||
| 942 | _cL | ||
| 999 |
_c1435 _d1435 |
||